000 00644nam a2200217Ia 4500
005 20241129110016.0
008 241129s9999||||xx |||||||||||||| ||und||
020 _a978-1-59030-527-0
037 _aTB
040 _aARTS
_beng
_cARTS
041 _aeng
_2eng
084 _aDelta P6
_qARTS
100 _aWilber Ken Au.
_9726834
245 0 _aIntegral spirituality: a startling new role for religion in the modern and postmodern world
_cWilber Ken Au.
260 _aBoulder, USA
_bIntegral Books
_c2013
300 _ax,313p.
365 _aUSD
_b34.95
650 _aMysticism
942 _cTB
_hDelta P6
999 _c1226968
_d1226968